Регионална библиотека "Любен Каравелов" - Русе

Цифрови фотографии [CD-ROM] (Запис номер 219841)

MARC детайли
000 -Лидер
Контролно поле с фиксирана дължина 00890njm a2200289 c 4500
003 - Код на организацията, давaща контролен номер
Контролно поле BLK
005 - Дата и час на последна редакция
Контролно поле 20240523110316.0
008 - Елементи от данни с фиксирана дължина
fixed length control field 180410b bul||n||s|||||||| n|bulo|
010 ## - Наследен системен номер
LC control number CDD00002268000
040 ## - Източник на каталожния запис
Идентификатор на билиотеката - собственик на записа BLK
041 ## - Код за език
Код за езика на текст/звукозапис или на отделно заглавие Български
Код за езика КДБФ Български
080 ## - УДК
Текстов определител УДК Фотография. Кинематография
УДК код - определител по УДК 77
139 ## - Редно поле
Редна дума Цифрови фотографии [CD-ROM]
Авторски знак Михо - М 76
245 10 - Сведения за заглавието
Заглавие Цифрови фотографии [CD-ROM]
Подзаглавни данни Избрани снимки 2004-2006
Редно поле (дума) фотогр. Явор Мичев.
257 ## - Страна на издаване
Страна на създаване/издаване България
260 ## - Област на издателските данни
Година на издаване 2006
380 ## - Жанр
Жанр Изкуство
590 ## - Забележки на библиотеката, притежаваща документа (RLIN)
Служебно S.N: 70534 от КНИГИ
700 1# - Други автори (авторска отговорност)
Лично име Мичев, Явор
Автороска отговорност (Описва отношението между автора и произведението) фотогр.
9 (RLIN) 354410
852 ## - Местоположение
Форматна сигнатура Цб CD 1124
Част 0
856 4# - Електронен адрес и достъп
Електронен формат pdf - файл
Път до файла /url/
856 4# - Електронен адрес и достъп
Електронен формат pdf - файл
Път до файла /url/
942 ## - АРТИКУЛИ
Вид на библиотечния материал Компактдискове
Скрит в OPAC Не
944 ## - СЪЗДАВАНЕ И РЕДАКЦИЯ на ЗАПИСА
Създаване/Редакция Създаване
Дата на регистрацията/редакция 12.01.2007
Служител, извършил регистрацията/редакцията 30545
Статус, дата на статуса Нора Радева
944 ## - СЪЗДАВАНЕ И РЕДАКЦИЯ на ЗАПИСА
Създаване/Редакция Редакция
Дата на регистрацията/редакция 12.01.2007
999 ## - СИСТЕМНИ КОНТРОЛНИ НОМЕРА
Koha biblionumber 219841
Koha biblioitemnumber 219841
999 ## - СИСТЕМНИ КОНТРОЛНИ НОМЕРА
Koha biblioitemnumber 219841
Наличности
Код за отписване Код за изгубен артикул Източник на класификационната схема Код за повреда Коз за рестрикции Код за отдаване Артикулен № Име на библиотеката - собственик Име на библиотеката, в която се намира в момента Статус (Текущо местоположение) Дата на вписване в системата Местоположение - отдел Цена в лева Инвентарен номер Систематично азбучна сигнатура Баркод Номер на екземпляра Цена в евро Служебна бележка Служебен тип на артикула
  Не е изгубен Universal Decimal Classification Не е повреден без рестрикции заемане за дома 391474 Регионална библиотека "Любен Каравелов" Русе Регионална библиотека "Любен Каравелов" Русе Отдел Изкуство - подръчен фонд 2007-01-12 Отдел Изкуство - подръчен фонд 5.00 250000001979 77/М 76 250000001979 1 2.56 Дост: DA Вид: А N: 1 Дата: 05.01.2007 Компактдискове
Vip Innovations Ltd, Rousse, Bulgaria 2025